000 00677nam a2200217 u 4500
005 20240228063925.0
008 080507s2002 es r 000 0 spa d
020 _a8426130933
035 _aUPN01000155780
049 _aI
050 4 _aPZ7
_bE7.7 2002
100 1 _aErnst, Lisa Campbell,
_d1957-
_933411
245 1 0 _aRiqui y Marisa /
_cLisa Campbell Ernst ; tr. Margarida Trias.
250 _a2a ed.
260 _aBarcelona, Esp. :
_bJuventud,
_c2002.
300 _a34 p. :
_bprincipalmente il. col.
534 _pTítulo original:
_tBubba and Trixie
650 0 _aAnimales
_vCuentos y leyendas
_9234
650 4 _aLibros y lectura para niños
_92290
905 _aInfantil
999 _c127894
_d127894